Managing our natural resources

Main Author: Camp, William G.
Other Authors: Heath-Camp, Betty
Language:English
Published: Clifton Park, NY.: Delmar Cengage Learning, 2009.
Edition:5th ed..
Subjects:
LEADER 00936cam a2200229 7i4500
001 0000076719
005 20140708090000.0
008 091215s2009 eng
020 # 0 |a 1428318682  
020 # 0 |a 9781428318687  
090 0 0 |a HC 103.7   |b .C3 2009 
100 1 # |a Camp, William G.  
245 1 0 |a Managing our natural resources   |c William G. Camp and Betty Heath-Camp. 
250 # # |a 5th ed.. 
260 # # |a Clifton Park, NY.:   |b Delmar Cengage Learning,   |c 2009. 
300 # # |a xiv, 528 p.:   |b col. ill.;   |c 29 cm.. 
590 # # |a Pusat Pengajian Perniagaan dan Pengurusan Maritim 
650 0 0 |a Natural resources --   |x Management --   |x Juvenile literature --   |z United States  
650 0 0 |a Natural resources --   |x Management --   |x Vocational guidance --   |x Juvenile literature --   |z United States  
700 1 1 |a Heath-Camp, Betty  
999 |a 1100072145  |b Book  |c Open Shelf  |e KOLEKSI TERBUKA 
999 |a 1100069553  |b Book  |c Open Shelf  |e KOLEKSI TERBUKA